00000000nam 2200000za 4500
0019.605607
003CaOODSP
00520210624212212
007cr |||||||||||
008150406|1992||||xxc|||||o    f|0| 0 fre d
040 |aCaOODSP|bfre
043 |an-cn---
0861 |aJS74-3/9-1992F-PDF
24503|aLa santé et la sécurité au travail |h[ressource électronique] : |bune optique patronale.
260 |aOttawa : |bComité externe d'examen de la Gendarmerie royale du Canada, |cc1992.
300 |a58 p.
4901 |aDocument de recherche ; |v9
500 |aLe n° de cat. (JS62-78/1992) et l'ISBN (0-662-58868-1) imprimés dans cette publication sont incorrects.
590 |a13-11-Supp|b2013-04-26
7101 |aCanada. |bComité externe d'examen de la Gendarmerie royale du Canada.
77508|tOccupational health and safety |w(CaOODSP)9.576396
830#0|aDocument de recherche (Comité externe d'examen de la Gendarmerie royale du Canada)|v9|w(CaOODSP)9.503864
85640|ahttp://publications.gc.ca|qPDF|s152 Ko|uhttps://publications.gc.ca/collections/collection_2013/cee-erc/JS74-3-9-1992-fra.pdf|y9